Statistiques concernant Culture Générale - Série 1086

Cliquez ici pour prendre le quiz!

Statistiques générales

  • Ce quiz a été pris 59 fois
  • Le résultat moyen est 4 sur 10

Statistiques - réponses

QuestionRéponse% Correct
Sous quel surnom connaît-on mieux la couturière Gabrielle Chanel ?Coco
98%
Quel gâteau dégusté traditionnellement lors de la "fête des Rois" est également le nom du moulin d'un célèbre tableau de Renoir ?galette
97%
Quelle danse brésilienne très sensuelle a été popularisée en 1989 grâce au groupe Kaoma ?lambada
57%
Dans quel pays européen se trouvent les villes d'Oulu, Turku, Tampere et Espoo ?Finlande
53%
Quel acteur a réalisé le film "Marche à l'ombre" en 1984 ?Michel Blanc
45%
Dans le film "Incassable", sorti en 2000, quel acteur américain joue le rôle de David Dunn, le seul survivant d'un accident ferroviaire ?Bruce Willis
24%
Dans quel département français se trouve la ville de Luçon ?Vendée
22%
Dans quelle ville se déroule l'action de la pièce “Un tramway nommé Désir” ?Nouvelle-Orléans
16%
Quel roman d'Émile Zola ouvre le cycle des “Rougon-Macquart” ?La Fortune des Rougon
14%
De quel dramaturge français, auteur du "Voyageur sans bagages", a-t-on fêté le centenaire de la naissance en 2010 ?Jean Anouilh
7%

Distribution des résultats

Percentile par nombre de réponses

% des personnes avec chaque résultat

Votre développement - résultats

Vous n’avez pas pris ce quiz